000 00674cam a22002533a 4500
001 1882
003 PGUSA
005 20140828083007.0
008 990901s1999||||xxu|||||s|||||000 1 eng d
040 _aPGUSA
_beng
042 _adc
050 4 _aPS
100 1 _aGrey, Zane,
_d1872-1939
245 1 4 _aThe Young Forester
_h[electronic resource] /
_cZane Grey
260 _bProject Gutenberg,
_c1999
506 _aPublic domain in the USA.
516 _aElectronic text
653 _aBildungsromans
653 _aArizona -- Fiction
653 _aWestern stories
830 0 _aProject Gutenberg
_v1882
856 4 0 _uhttp://www.gutenberg.org/ebooks/1882
942 _cEB
999 _c231225
_d231225